<?xml version="1.0" encoding="UTF-8"?>
<record
    xmlns:xsi="http://www.w3.org/2001/XMLSchema-instance"
    xsi:schemaLocation="http://www.loc.gov/MARC21/slim http://www.loc.gov/standards/marcxml/schema/MARC21slim.xsd"
    xmlns="http://www.loc.gov/MARC21/slim">

  <leader>00819cam a22002531  4500</leader>
  <controlfield tag="001">143660</controlfield>
  <controlfield tag="003">SpMaBN</controlfield>
  <controlfield tag="005">20230925163026.0</controlfield>
  <controlfield tag="008">981210s1952    sp                  spa  </controlfield>
  <datafield tag="016" ind1="7" ind2=" ">
    <subfield code="a">bimoBNE20000172808</subfield>
    <subfield code="z">IND9800829979</subfield>
    <subfield code="2">SpMaBN</subfield>
  </datafield>
  <datafield tag="035" ind1=" " ind2=" ">
    <subfield code="a">(OCoLC)432713821</subfield>
  </datafield>
  <datafield tag="040" ind1=" " ind2=" ">
    <subfield code="a">SpMaBN</subfield>
    <subfield code="b">spa</subfield>
    <subfield code="c">CDM</subfield>
    <subfield code="d">ES-MaACL</subfield>
  </datafield>
  <datafield tag="080" ind1=" " ind2=" ">
    <subfield code="a">9(460.231 Albag&#xE9;s)</subfield>
  </datafield>
  <datafield tag="080" ind1=" " ind2=" ">
    <subfield code="a">91(460.231 Albag&#xE9;s)</subfield>
  </datafield>
  <datafield tag="100" ind1="0" ind2=" ">
    <subfield code="a">Sero Serra, Casimiro</subfield>
    <subfield code="9">105592</subfield>
  </datafield>
  <datafield tag="245" ind1="1" ind2="0">
    <subfield code="a">Rese&#xF1;a descriptiva &#xE9; hist&#xF3;rica de Albages /</subfield>
    <subfield code="c">por el Rvdo. D. Casimiro Ser&#xF3; Serra</subfield>
  </datafield>
  <datafield tag="260" ind1=" " ind2=" ">
    <subfield code="a">[Bellpuig :</subfield>
    <subfield code="b">s.n.,</subfield>
    <subfield code="c">1952?]</subfield>
    <subfield code="f">Imp. Saladrigues</subfield>
  </datafield>
  <datafield tag="300" ind1=" " ind2=" ">
    <subfield code="a">95 p., 2 h. de l&#xE1;m. ;</subfield>
    <subfield code="c">22 cm</subfield>
  </datafield>
  <datafield tag="651" ind1=" " ind2="4">
    <subfield code="9">8009</subfield>
    <subfield code="a">Catalu&#xF1;a</subfield>
    <subfield code="x">Descripci&#xF3;n</subfield>
  </datafield>
  <datafield tag="852" ind1=" " ind2=" ">
    <subfield code="a">Es-MaACL</subfield>
    <subfield code="9">148848 </subfield>
    <subfield code="b">R.34317</subfield>
    <subfield code="j">1970-F-3</subfield>
    <subfield code="c">DEPOF</subfield>
  </datafield>
  <datafield tag="942" ind1=" " ind2=" ">
    <subfield code="2">udc</subfield>
  </datafield>
  <datafield tag="956" ind1=" " ind2=" ">
    <subfield code="a">1</subfield>
  </datafield>
  <datafield tag="999" ind1=" " ind2=" ">
    <subfield code="c">143660</subfield>
    <subfield code="d">143660</subfield>
  </datafield>
  <datafield tag="952" ind1=" " ind2=" ">
    <subfield code="0">0</subfield>
    <subfield code="1">0</subfield>
    <subfield code="2">udc</subfield>
    <subfield code="4">0</subfield>
    <subfield code="7">0</subfield>
    <subfield code="8">Colecci&#xF3;n_de_folletos</subfield>
    <subfield code="a">ATENEOM</subfield>
    <subfield code="b">ATENEOM</subfield>
    <subfield code="c">DEPOF</subfield>
    <subfield code="d">2008-01-17</subfield>
    <subfield code="l">0</subfield>
    <subfield code="o">1970-F-3</subfield>
    <subfield code="p">1149466</subfield>
    <subfield code="r">2023-02-23 00:00:00</subfield>
    <subfield code="w">2023-02-23</subfield>
    <subfield code="y">FOLLETOS</subfield>
  </datafield>
</record>
